| 000 | 00506nam a2200181Ia 4500 | ||
|---|---|---|---|
| 003 | GCL | ||
| 008 | 140319s9999 xx 000 0 ara d | ||
| 040 |
_aGCL / _cGCL |
||
| 082 | 0 | 4 |
_a811.008 _bع ش |
| 100 | 1 | _aعبدالوهاب الصابونى | |
| 245 | 1 | 0 |
_aشعراء ودواوين / _cعبدالوهاب الصابونى |
| 300 | _a359 ص | ||
| 490 |
_a100 قصة _v0 |
||
| 650 | 0 | 4 | _aالشعراء |
| 650 | 0 | 4 | _aالتراجم الذاتية |
| 650 | 0 | 4 | _aالدواويين |
| 942 |
_2ddc _cBK |
||
| 999 |
_c43907 _d43907 |
||